Awakening : (Record no. 66294)

MARC details
000 -LEADER
fixed length control field 00760nam a22002297a 4500
005 - DATE AND TIME OF LATEST TRANSACTION
control field 20130405111143.0
010 ## - LCCN (DPL NO)
LC control number ENG-105217
020 ## - INTERNATIONAL STANDARD BOOK NUMBER
International Standard Book Number 9788184001839
Terms of availability 299.00
035 ## - SYSTEM CONTROL NUMBER
System control number EN-88750
035 ## - SYSTEM CONTROL NUMBER
System control number B-489857-862
037 ## - SOURCE OF ACQUISITION
Source of stock number/acquisition DBAD/PUB
037 ## - SOURCE OF ACQUISITION
Source of stock number/acquisition BSB/Ven
082 ## - DEWEY DECIMAL CLASSIFICATION NUMBER
Classification number 303.4
100 ## - MAIN ENTRY--PERSONAL NAME
Personal name Dasgupta, Subrata
245 ## - TITLE STATEMENT
Title Awakening :
Statement of responsibility, etc by Subrata Dasgupta
Remainder of title the story of the Bengal renaissance /
260 ## - PUBLICATION, DISTRIBUTION, ETC. (IMPRINT)
Place of publication, distribution, etc Noida
Name of publisher, distributor, etc Random House Publishers
Date of publication, distribution, etc 2011
270 ## - ADDRESS
Address Windsor IT Park, 7th Floor, Tower-B, A-1, Sector-125
City Noida
Postal code 201301
300 ## - PHYSICAL DESCRIPTION
Extent xx,481p.
Dimensions 22cm(pbk)
500 ## - GENERAL NOTE
General note Includes index
942 ## - ADDED ENTRY ELEMENTS (KOHA)
Source of classification or shelving scheme Dewey Decimal Classification
Item type English Books
Classification part 303.4
Call number suffix DAS
Holdings
Withdrawn status Lost status Not for loan Collection code Home library Current library Date acquired Source of acquisition Cost, normal purchase price Full call number Barcode Copy number Cost, replacement price Koha item type
      Non-fiction Central Library Central Library 05/04/2013 BSB/592/01.01.2013/115/18.12.2012/08.01.2013 299.00 303.4 DAS B-489857 1 299.00 English Books
    Not For Loan Non-fiction D.B.Act.Division D.B.Act.Division 07/05/2012 DBAD/PUB 299.00 303.4 DAS EN-88750 1 299.00 English Books
      Non-fiction Janak Puri Janak Puri 05/04/2013 BSB/592/01.01.2013/115/18.12.2012/08.01.2013 299.00 303.4 DAS B-489860 1 299.00 English Books
      Non-fiction Kasturba Gandhi Marg Kasturba Gandhi Marg 05/04/2013 BSB/592/01.01.2013/115/18.12.2012/08.01.2013 299.00 303.4 DAS B-489859 1 299.00 English Books
      Non-fiction Narela Narela 05/04/2013 BSB/592/01.01.2013/115/18.12.2012/08.01.2013 299.00 303.4 DAS B-489862 1 299.00 English Books
      Non-fiction Patel Nagar Patel Nagar 05/04/2013 BSB/592/01.01.2013/115/18.12.2012/08.01.2013 299.00 303.4 DAS B-489858 1 299.00 English Books
      Non-fiction Sarojini Nagar Sarojini Nagar 05/04/2013 BSB/592/01.01.2013/115/18.12.2012/08.01.2013 299.00 303.4 DAS B-489861 1 299.00 English Books

© Delhi Public Library
Hit Counter
free hit counter